000 01578cam a22003854a 4500
001 11805739
003 OSt
005 20240702152227.0
008 991007s2000 enk b 001 0 eng
010 _a 99052432
020 _a1856496554 (hb)
020 _a1856496562 (pb)
040 _cmust
042 _apcc
050 0 0 _aHV6250.4.W65
_bS77 2000
082 0 0 _a305.3 STA 2000
_221
245 0 0 _aStates of conflict :
_bgender, violence, and resistance /
_cedited by Susie Jacobs, Ruth Jacobson, and Jen Marchbank.
260 _aLondon ;
_aNew York :
_bZed Books,
_cc2000.
300 _aix, 246 p. ;
_c23 cm.
504 _aIncludes bibliographical references and index.
650 0 _aWomen
_xCrimes against.
_97301
650 0 _aWomen
_xCrimes against
_xPrevention.
_97302
650 0 _aViolence
_xPrevention.
_918371
650 0 _aWomen and war.
_918372
650 0 _aWomen and the military.
_918373
700 1 _aJacobs, Susie M.
_918374
700 1 _aJacobson, Ruth.
_918375
700 1 _aMarchbank, Jen,
_d1964-
_918376
856 4 2 _3Contributor biographical information
_uhttp://www.loc.gov/catdir/bios/hol058/99052432.html
856 4 2 _3Publisher description
_uhttp://www.loc.gov/catdir/description/hol057/99052432.html
856 4 1 _3Table of contents
_uhttp://www.loc.gov/catdir/toc/hol053/99052432.html
906 _a7
_bcbc
_corignew
_d1
_eocip
_f19
_gy-gencatlg
942 _2ddc
_cO_SHELF
999 _c9038
_d9038